000
00163nam a2200073Ia 4500
008
170523s9999 xx 000 0 und d
100
_a
WILLSON
245
0
_a
WORK BOOK
260
_b
TATA MC GRAW HILL
999
_c
1693
_d
1693